Arktická politika Evropské unie v mezinárodním kontextu

Teória medzinárodných režimov. Arktída ako medzinárodný režim. Politika Európskej únie a Arktída.

Saved in:
Bibliographic Details
Main Author: Trávníčková, Zuzana
Other Authors: Cibulková, Petra, Havlová, Radka, Knotková, Vladimíra
Format: Book Chapter
Language:Czech
Subjects:
Tags: Add Tag
No Tags, Be the first to tag this record!

MARC

LEADER 00000naa a2200000 4500
001 0123813
005 20231127115722.9
041 0 |a cze 
044 |a CZ 
245 1 0 |a Arktická politika Evropské unie v mezinárodním kontextu  |c Zuzana Trávníčková, Petra Cibulková, Radka Havlová, Vladimíra Knotková 
520 |a Teória medzinárodných režimov. Arktída ako medzinárodný režim. Politika Európskej únie a Arktída. 
610 2 0 |a politika medzinárodná 
610 2 0 |a prostredie životné 
610 2 0 |a rybolov 
610 2 0 |a Arktída 
610 2 0 |a vzťahy medzinárodné 
610 2 0 |a Európska únia 
100 1 |a Trávníčková, Zuzana 
700 1 |a Cibulková, Petra 
700 1 |a Havlová, Radka 
700 1 |a Knotková, Vladimíra